Německo: pomůže řízení k druhému zázraku?

Prechod k trhovej ekonomike v bývalej NDR sa vyznačuje mnohými zložitými problémami. Východonemecká ekonomika sa po zlúčení prakticky zrútila. Západonemecký systém a štýl riadenia však ostávajú platnými modelmi pre nové demokratické vlády strednej Európy. Západní Nemci nazývajú svoj model Soziale Ma...

Full description

Saved in:
Bibliographic Details
Format: Book Chapter
Language:Czech
Subjects:
Tags: Add Tag
No Tags, Be the first to tag this record!

MARC

LEADER 00000naa a2200000 4500
001 r007940
005 20221125080518.0
041 0 |a cze 
044 |a [CS] 
245 1 0 |a Německo: pomůže řízení k druhému zázraku? 
520 |a Prechod k trhovej ekonomike v bývalej NDR sa vyznačuje mnohými zložitými problémami. Východonemecká ekonomika sa po zlúčení prakticky zrútila. Západonemecký systém a štýl riadenia však ostávajú platnými modelmi pre nové demokratické vlády strednej Európy. Západní Nemci nazývajú svoj model Soziale Marktwirtschaft - sociálno-trhová ekonomika. Charakteristika tohto systému. Problémy, ktoré sa musia vyriešiť aby sa NDR zapojila do tohto systému. 
610 2 0 |a integrácia ekonomická 
610 2 0 |a NDR 
610 2 0 |a Nemecko 
610 2 0 |a hospodárstvo trhové 
610 2 0 |a riadenie 
610 2 0 |a štýl pracovný